00504nam a2200145 a 4500008004100000050001700041245005800058246004500116260006100161300001600222350000900238490005800247650001400305650003900319120416s2003 ||||||||||||||||| || u aUN-ESCWA(08)10aGlobal forecasts and predictions for the ESCWA Region amonetary and fiscal trends and forecasts aNew YorkbUnited Nations Economic and Social Commic2003 a53p. : ill. a0.00 aGlobal Forecasts and Predictions for the ESCWA Region 0aECONOMICS aASIA, WESTERN--ECONOMIC CONDITIONS